Catálogo
 En Linea

30 años de historias de triunfo / (Registro nro. 53050)

Detalles MARC
000 -CABECERA
campo de control de longitud fija 01837nam a2200337 i 4500
003 - IDENTIFICADOR DEL NÚMERO DE CONTROL
campo de control DO-SdBNP
005 - FECHA Y HORA DE LA ÚLTIMA TRANSACCIÓN
campo de control 20250626115315.0
007 - CAMPO FIJO DE DESCRIPCIÓN FÍSICA--INFORMACIÓN GENERAL
campo de control de longitud fija ta
008 - DATOS DE LONGITUD FIJA--INFORMACIÓN GENERAL
campo de control de longitud fija 110301s2011 dr ado 000 0 spa d
040 ## - FUENTE DE LA CATALOGACIÓN
Centro catalogador/agencia de origen DO-SdBNP
Lengua de catalogación spa
Centro/agencia transcriptor BNPHU
Normas de descripción rda
041 ## - CÓDIGO DE LENGUA
Código de lengua del texto/banda sonora o título independiente spa
082 #4 - NÚMERO DE LA CLASIFICACIÓN DECIMAL DEWEY
Número de clasificación 374.013
Número de documento/Ítem I59t
Número de edición 22
110 2# - ENTRADA PRINCIPAL--NOMBRE DE ENTIDAD CORPORATIVA
Nombre de entidad corporativa o nombre de jurisdicción como elemento de entrada Instituto de Formación Técnico Profesional (República Dominicana)
9 (RLIN) 82961
245 10 - MENCIÓN DE TÍTULO
Título 30 años de historias de triunfo /
Mención de responsabilidad, etc. directora general del INFOTEP Josefina Pimentel ; fotografías, Diego Rojas
246 ## - FORMA VARIANTE DE TÍTULO
Título propio/Titulo breve Treinta años de historias de triunfo /
264 #1 - PRODUCCIÓN, PUBLICACIÓN, DISTRIBUCIÓN, FABRICACIÓN Y COPYRIGHT
Producción, publicación, distribución, fabricación y copyright Santo Domingo, República Dominica :
Nombre del de productor, editor, distribuidor, fabricante INFOTEP,
Fecha de producción, publicación, distribución, fabricación o copyright 2011.
300 ## - DESCRIPCIÓN FÍSICA
Extensión 171 páginas :
Otras características físicas ilustraciones, gráficas, fotografías ;
Dimensiones 32 cm.
336 ## - TIPO DE CONTENIDO
Término de tipo de contenido texto
Código de tipo de contenido txt
Fuente rdacontent
337 ## - TIPO DE MEDIO
Nombre/término del tipo de medio sin mediación
Código del tipo de medio n
Fuente rdamedia
338 ## - TIPO DE SOPORTE
Nombre/término del tipo de soporte volumen
Código del tipo de soporte nc
Fuente rdacarrier
505 ## - NOTA DE CONTENIDO CON FORMATO
Título Palabras de la Directora General del INFOTEP --
-- Miembros de la Junta de Directores --
-- Antecedentes y orígenes --
-- |Estrategias iniciales --
-- Gestión de la calidad --
-- La formación y la capacitación del capital humano --
-- INFOTEP y la productividad nacional --
-- Alianzas y convenios locales --
-- INFOTEP y las relaciones internacionales --
-- INFOTEP frente al futuro --
-- Los directores del INFOTEP y las huellas de sus gestiones
590 ## - NOTA LOCAL (RLIN)
Nota local Inventariado, 2022/ YL
610 24 - PUNTO DE ACCESO ADICIONAL DE MATERIA--NOMBRE DE ENTIDAD CORPORATIVA
Nombre de entidad corporativa o nombre de jurisdicción como elemento de entrada Instituto de Formación Técnico Profesional (República Dominicana)
9 (RLIN) 82976
650 #4 - PUNTO DE ACCESO ADICIONAL DE MATERIA--TÉRMINO DE MATERIA
Término de materia o nombre geográfico como elemento de entrada Centros de capacitación
Subdivisión general República Dominicana
9 (RLIN) 82962
650 #4 - PUNTO DE ACCESO ADICIONAL DE MATERIA--TÉRMINO DE MATERIA
Término de materia o nombre geográfico como elemento de entrada Educación técnológica
Subdivisión general República Dominicana
9 (RLIN) 82963
650 #4 - PUNTO DE ACCESO ADICIONAL DE MATERIA--TÉRMINO DE MATERIA
Término de materia o nombre geográfico como elemento de entrada Instituto de Formación Técnico Profesional
Subdivisión general República Dominicana
9 (RLIN) 82964
700 12 - PUNTO DE ACCESO ADICIONAL--NOMBRE DE PERSONA
Nombre de persona Pimentel, Josefina
Término indicativo de función/relación directora general
9 (RLIN) 5745
Código de función/relación dir.
700 12 - PUNTO DE ACCESO ADICIONAL--NOMBRE DE PERSONA
Nombre de persona Rojas, Diego
Término indicativo de función/relación fotografo
Código de función/relación fot.
9 (RLIN) 83675
910 ## - DATOS DE OPCIÓN DEL USUARIO (OCLC)
Datos de opción del usuario YLockward/Validado. Control de calidad MFF
942 ## - ELEMENTOS DE PUNTO DE ACCESO ADICIONAL (KOHA)
Fuente del sistema de clasificación o colocación Dewey Decimal Classification
Tipo de ítem Koha Libro
Existencias
Estado de retiro Estado de pérdida Fuente del sistema de clasificación o colocación Restricciones de uso No para préstamo Código de colección Localización permanente Ubicación/localización actual Ubicación en estantería Fecha de adquisición Fuente de adquisición Signatura topográfica completa Código de barras Fecha visto por última vez Precio válido a partir de Tipo de ítem Koha Total de préstamos Número de copia
    Dewey Decimal Classification Excluido de préstamo   Patrimonio Dominicano Biblioteca Nacional Pedro Henríquez Ureña Biblioteca Nacional Pedro Henríquez Ureña Depósito 09.02.2022 Víctor Hugo BNPHU PD 374.013 I59t 2022-5854 02.12.2022 02.12.2022 Libro    
    Dewey Decimal Classification Excluido de préstamo   Patrimonio Dominicano Biblioteca Nacional Pedro Henríquez Ureña Biblioteca Nacional Pedro Henríquez Ureña Depósito 25.01.2019 Donación BNPHU PD 374.013 I59t 2025-5730 26.06.2025 26.06.2025 Libro   e. 2

Con tecnología Koha